000
00282nam a2200109Ia 4500
008
231120s2021 xx 000 0 und d
041
_a
eng
100
_a
CHARLES EVANS
245
_a
ACRYLICS FOR THE ABSOLUTE BEGINNER
260
_a
SEARCH PRESS
_b
SEARCH PRESS
_c
2021
300
_a
P-128
999
_c
933665
_d
933665